|
|
|
|
| LEADER |
00000nam a22000007a 4500 |
| 005 |
20210901211221.0 |
| 007 |
cr|||| |||| |
| 008 |
210901s2003 ca |||||s|||| 00||0 eng d |
| 020 |
|
|
|a 9781459313804
|
| 035 |
|
|
|a 35327
|
| 040 |
|
|
|a vLex
|
| 090 |
|
|
|c 12189
|d 12189
|
| 100 |
1 |
|
|a Samuels, Marilyn J.
|
| 245 |
1 |
0 |
|a Managing a Legal and Ethical Social Work Practice
|h [Recurso electrn̤ico] /
|c Marilyn J. Samuels, Elayne M. Tanner
|
| 256 |
|
|
|a Servicio en ln̕ea
|
| 260 |
|
|
|a Toronto:
|b Irwin Law Inc.,
|c 2003
|
| 300 |
|
|
|a 1 recurso electrn̤ico
|
| 506 |
1 |
|
|a Disponible solo en los productos indicados
|d vLex Global
|d vLex Global (Academic Edition, excluding Law Schools)
|d vLex Global (U.S. Academic Edition, Law Schools)
|d vLex Global (U.S. Academic Edition, excluding Law Schools)
|d vLex Global (Academic Edition, Law Schools)
|
| 650 |
0 |
4 |
|a Derecho Laboral y Seguridad Social
|z Canad̀
|
| 700 |
1 |
|
|a Tanner, Elayne M.
|
| 740 |
0 |
|
|a vLex Libros (Servicio en ln̕ea)
|
| 856 |
4 |
0 |
|u https://app.vlex.com/#/sources/35327
|z Acceso restringido
|
| 942 |
|
|
|c BOOK
|
| 999 |
0 |
|
|a Labor law and social security
|